Amino Acid Structures - Statistics

General Stats
  • This quiz has been taken 4,128 times
  • The average score is 16 of 20
Answer Stats
Picture Answer % Correct
Alanine
92%
Glycine
92%
Leucine
90%
Isoleucine
87%
Valine
87%
Proline
84%
Phenylalanine
83%
Methionine
82%
Tryptophan
82%
Tyrosine
80%
Cysteine
77%
Histidine
75%
Lysine
75%
Serine
75%
Glutamine
73%
Arginine
72%
Asparagine
69%
Glutamate
69%
Threonine
68%
Aspartate
65%
No matching quizzes found
Score Distribution
Percent of People with Each Score
Percentile by Number Answered
Your Score History
You have not taken this quiz